| 000 | 008900am a2200265 004500 | ||
|---|---|---|---|
| 003 | EG-GiCUC | ||
| 008 | 080414s2003 ua f 000 1 ara d | ||
| 017 |
_a2003 / 18751 _bمصر.دار الكتب |
||
| 020 | _a977270823x | ||
| 040 |
_aEG-GiCUC _bara _cEG-GiCUC |
||
| 092 | 0 | 4 |
_a813.9 _bK455 2003 _221 |
| 099 |
_a04 _a813.9 K455 2003 |
||
| 100 | 1 | _aخريس : سميحة | |
| 245 | 1 | 0 |
_aدفاتر الطوفان : _bرواية / _cسميحة خريس |
| 250 | _aط2 | ||
| 260 |
_aالقاهرة : _bالدار المصرية اللبنانية : _c2003 |
||
| 300 |
_a282ص ؛ _c22سم |
||
| 600 | 1 | 0 | _aخريس : سميحة |
| 650 | 7 |
_aالقصص العربية _2qrmak |
|
| 902 | _a1 | ||
| 905 |
_aبلتاجى _eمراجع |
||
| 905 |
_aجمال _eمدخل |
||
| 942 |
_2ddc _cBK |
||
| 999 |
_c99719 _d99719 |
||